000 00449cam a2200193u 4500
001 10279241
005 20180216035954.0
008 811202s1957 nyua 000 0 eng
010 _a 57010222
040 _aDLC
_cCarP
_dDLC
041 _aeng
080 _a61 GRA
082 _a61 GRA
100 1 _a4
101 _aSHM
245 1 0 _aClinical electrocardiography;
906 _a0
_bcbc
_cpremunv
_du
_encip
_f19
_gy-gencatlg
942 _2ddc
_cBK
999 _c42750
_d42750